La escritura en libertad (Record no. 24560)

MARC details
000 -LEADER
campo de control de longitud fija 00626nam a2200181 i 4500
001 - NÚMERO DE CONTROL
campo de control 24560
003 - IDENTIFICADOR DE NÚMERO DE CONTROL
campo de control ES-MaACL
005 - FECHA Y HORA DE LA ÚLTIMA TRANSACCIÓN
campo de control 20230906153055.0
007 - CAMPO FIJO DE DESCRIPCIÓN FÍSICA--INFORMACIÓN GENERAL
campo de control de longitud fija t|
008 - DATOS DE LONGITUD FIJA--INFORMACIÓN GENERAL
campo de control de longitud fija 021218s1975 sp a |||| | spa d
245 03 - MENCIÓN DEL TÍTULO
Título La escritura en libertad
Resto del título : antología de poesía experimental /
Mención de responsabilidad, etc. selección, prólogo y notas bibliográficas de Fernando Millán y Jesús García Sánchez.
260 ## - PUBLICACIÓN, DISTRIBUCIÓN, ETC.
Lugar de publicación, distribución, etc. Madrid :
Nombre del editor, distribuidor, etc. Alianza,
Fecha de publicación, distribución, etc. [1975]
300 ## - DESCRIPCIÓN FÍSICA
Extensión 331 p. :
Otras características físicas il. ;
Dimensiones 20 cm.
650 #4 - PUNTO DE ACCESO ADICIONAL DE MATERIA--TÉRMINO DE MATERIA
Término de materia o nombre geográfico como elemento de entrada Poesías experimentales.
9 (RLIN) 168833
700 1# - ENTRADA AGREGADA--NOMBRE PERSONAL
Nombre de persona Millán, Fernando.
9 (RLIN) 81126
700 1# - ENTRADA AGREGADA--NOMBRE PERSONAL
Nombre de persona García Sánchez, Jesús.
9 (RLIN) 55264
852 ## - LOCALIZACIÓN
Ubicación ES-MaACL
Número de control de estantería E-8622
Holdings
Estatus retirado Estado de pérdida Estado de daño No para préstamo Biblioteca de origen Biblioteca actual Ubicación en estantería Fecha de adquisición Fuente de adquisición Total de préstamos Signatura topográfica completa Código de barras Visto por última vez Precio de reemplazo Tipo de ítem Koha
        Biblioteca del Ateneo de Madrid Biblioteca del Ateneo de Madrid Depósito 2 17/01/2008     E-8622 1025321 23/02/2023 23/02/2023 Libro impreso